00771naa a2200169 i 45000010005000000030009000050050017000140080039000310400021000700800015000910800012001061000168001182450048002866500041003346500019003757730207003949923KOSZ 00520180412092036.0120618s2012 pl f f |000 p pol cBPKdKOSZ 005/EG a005:004.03 a(075.8)1 aKOWALCZUK, Jan.bWydział Ekonomii i Zarządzania - Politechnika Koszalińska,cKatedra Metod Ilościowych Zakład Zastosowań Informatyki w Ekonomiid2000 - .10aArkusz kalkulacyjny Excel /cJan Kowalczuk. 0aSystemy informatyczne zarządzania. 0aProgramowanie. iW :tInformatyka dla kadry kierowniczej przedsiębiorstwa : podręcznik akademicki / pod red. Eugeniusza Michalskiego. -dKoszalin : Wydaw. Uczelniane Politechniki Koszalińskiej, 2012. -gs. 205-275